Element garderoby na literę „S" - Statystyki

Ogólne statystyki
  • Ten quiz został rozwiązany 32 razy
  • Średni wynik to 6 z 10
Statystyki odpowiedzi
Hint Odpowiedź % Poprawnych
5. Spodnie
97%
6. Spódnica
90%
7. Sukienka
90%
4. Szalik
79%
1. Sweter
62%
10. Stanik
52%
8. Sandały
48%
3. Skarpetka
48%
9. Stringi
34%
2. Smoking
10%
Nie znaleziono quizów pasujących do podanych kryteriów
Rozkład punktacji
Procent ludzi z każdym wynikiem
Percentyl według liczby udzielonych odpowiedzi
Twoja historia wyników
Nie rozwiązałeś tego quizu